000 00367nam a2200169Ia 4500
001 9967
005 20250626030304.0
008 211022s9999 xx 000 0 und d
082 _a813.54 CRI
100 _aCrichton, Michael
245 4 _aThe andromeda strain
260 _aNew York
260 _bDell Publishing
260 _c1969
300 _a291
942 _cBK
999 _c9896
_d9896